<?xml version="1.0" encoding="UTF-8"?><?xml-stylesheet type="text/xsl" href="static/style.xsl"?><OAI-PMH xmlns="http://www.openarchives.org/OAI/2.0/" xmlns:xsi="http://www.w3.org/2001/XMLSchema-instance" xsi:schemaLocation="http://www.openarchives.org/OAI/2.0/ http://www.openarchives.org/OAI/2.0/OAI-PMH.xsd"><responseDate>2026-06-03T05:28:05Z</responseDate><request verb="GetRecord" identifier="oai:riuma.uma.es:10630/37550" metadataPrefix="marc">https://riuma.uma.es/rest/oai/request</request><GetRecord><record><header><identifier>oai:riuma.uma.es:10630/37550</identifier><datestamp>2026-02-03T10:56:30Z</datestamp><setSpec>com_10630_2254</setSpec><setSpec>col_10630_37953</setSpec></header><metadata><record xmlns="http://www.loc.gov/MARC21/slim" xmlns:dcterms="http://purl.org/dc/terms/" xmlns:doc="http://www.lyncode.com/xoai" xmlns:xsi="http://www.w3.org/2001/XMLSchema-instance" xsi:schemaLocation="http://www.loc.gov/MARC21/slim http://www.loc.gov/standards/marcxml/schema/MARC21slim.xsd">
   <leader>00925njm 22002777a 4500</leader>
   <datafield ind2=" " ind1=" " tag="042">
      <subfield code="a">dc</subfield>
   </datafield>
   <datafield ind2=" " ind1=" " tag="720">
      <subfield code="a">Gijón, Carolina</subfield>
      <subfield code="e">author</subfield>
   </datafield>
   <datafield ind2=" " ind1=" " tag="720">
      <subfield code="a">Toril-Genovés, Matías</subfield>
      <subfield code="e">author</subfield>
   </datafield>
   <datafield ind2=" " ind1=" " tag="720">
      <subfield code="a">Luna-Ramírez, Salvador</subfield>
      <subfield code="e">author</subfield>
   </datafield>
   <datafield ind2=" " ind1=" " tag="260">
      <subfield code="c">2022-09-21</subfield>
   </datafield>
   <datafield ind2=" " ind1=" " tag="520">
      <subfield code="a">In 5G systems, Network Slicing (NS) feature allows to deploy several logical networks customized for specific verticals over a common physical infrastructure. To make the most of this feature, cellular operators need models reflecting cell and slice performance for re-dimensioning the Radio Access Network (RAN). For enhanced Mobility BroadBand (eMBB) services, throughput is regarded as a key performance metric since it strongly influences user experience. This work presents the first comprehensive analysis tackling cell and slice throughput estimation in the downlink of RAN-sliced networks through Supervised Learning (SL), based on information collected in the operations support system. Different well-known SL algorithms are tested in two NS scenarios with single-service or multi-service slices serving eMBB users. To this end, several synthetic datasets are generated with a system-level simulator emulating the activity of a sliced RAN. Results show that NS alters the correlation between network performance indicators and cell throughput compared to legacy RANs, thus being required a separate analysis for NS scenarios. Moreover, the best model to estimate throughput at cell/slice level may depend on the scenario (single-service vs multi-service slices). In all cases, the best models have shown an estimation error below 10 %.</subfield>
   </datafield>
   <datafield ind1="8" ind2=" " tag="024">
      <subfield code="a">C. Gijón, M. Toril and S. Luna-Ramírez, "Data-Driven Estimation of Throughput Performance in Sliced Radio Access Networks via Supervised Learning," in IEEE Transactions on Network and Service Management, vol. 20, no. 2, pp. 1008-1023, June 2023, doi: 10.1109/TNSM.2022.3208336</subfield>
   </datafield>
   <datafield ind1="8" ind2=" " tag="024">
      <subfield code="a">https://hdl.handle.net/10630/37550</subfield>
   </datafield>
   <datafield ind1="8" ind2=" " tag="024">
      <subfield code="a">10.1109/TNSM.2022.3208336</subfield>
   </datafield>
   <datafield tag="653" ind2=" " ind1=" ">
      <subfield code="a">Antenas (Electrónica)</subfield>
   </datafield>
   <datafield ind2="0" ind1="0" tag="245">
      <subfield code="a">Data-Driven Estimation of Throughput Performance in Sliced Radio Access Networks via Supervised Learning</subfield>
   </datafield>
</record>
</metadata></record></GetRecord></OAI-PMH>